000 01542nam a22002417a 4500
999 _c62928
_d62928
003 Ge_BSU
005 20250324161706.0
008 250324s2023 ge ||||| |||| 00| 0 geo d
020 _a9789941357350
041 _ageo
080 _a638.1(035) თ-36
245 _aთაფლი :
_b[2 ტომად]. ტომი 1, მეფუტკრის ცნობარი /
_cპროექტის ავტორი და მთავარი რედაქტორი თამარ მამაცაშვილი ; სარედაქციო ჯგუფი: ნინო ჩარგეიშვილი, ბელა ჩხარტიშვილი, სოფიო ჯაფარიძე [და სხვა].
264 _aთბილისი :
_bპალიტრა L,
_c2023.
300 _a320 გვ. :
_bილ. ;
_c23 სმ.
504 _aბიბლიოგრაფია: გვ. 319.
653 _aმეფუტკრის ცნობარი
653 _aთაფლი
700 _aმამაცაშვილი, თამარ
_eპროექტის ავტორი, მთავარი რედაქტორი
_924658
700 _aჩარგეიშვილი, ნინო
_eრედაქტორი
_93105
700 _aჩხარტიშვილი, ბელა
_eრედაქტორი
_924659
700 _aჯაფარიძე, სოფიო და სხვ.
_eრედაქტორი
_924660
942 _2udc
_cᲬᲘᲒᲜᲘ